Cricket : Indian T20 Worldcup Squad 2024 - Statistics

General Stats
  • This quiz has been taken 89 times
  • The average score is 11 of 15
Answer Stats
Answer % Correct
Rohit Sharma
100%
Virat Kohli
98%
Jasprit Bumrah
97%
Rishabh Pant
86%
Suryakumar Yadav
86%
Kuldeep Yadav
83%
Hardik Pandya
81%
Mohammed Siraj
77%
Arshdeep Singh
73%
Axar Patel
72%
Ravindra Jadeja
70%
Shivam Dube
59%
Yashasvi Jaiswal
59%
Yuzvendra Chahal
52%
Sanju Samson
45%
No matching quizzes found
Score Distribution
Percent of People with Each Score
Percentile by Number Answered
Your Score History
You have not taken this quiz